000 01155cam a22002773a 4500
001 3812
003 PGUSA
005 20140828083038.0
008 030301s2003||||xxu|||||s|||||000 | eng d
040 _aPGUSA
_beng
042 _adc
050 4 _aE740
100 1 _aGilbert, Clinton W.
_q(Clinton Wallace),
_d1871-1933
245 1 4 _aThe Mirrors of Washington
_h[electronic resource] /
_cClinton W. Gilbert
260 _bProject Gutenberg,
_c2003
505 0 _aHarding, Warren G. -- Wilson, Woodrow -- Harvey, George (Brinton McClellan) -- Hughes, Charles Evans -- House, Edward Mandell -- Hoover, Herbert Clark -- Lodge, Henry Cabot -- Baruch, Bernard Mannes -- Root, Elihu -- Johnson, Hiram Warren -- Knox, Philander Chase -- Lansing, Robert -- Penrose, Boies -- Borah, William Edgar.
506 _aPublic domain in the USA.
516 _aElectronic text
653 _aWashington (D.C.) -- Biography
653 _aUnited States -- Politics and government -- 20th century
653 _aStatesmen -- United States
700 1 _aKirby, John
830 0 _aProject Gutenberg
_v3812
856 4 0 _uhttp://www.gutenberg.org/ebooks/3812
942 _cEB
999 _c233141
_d233141